| Tag |
First Indicator |
Second Indicator |
Subfields |
| LEADER |
00000cam a2200000Ia 4500 |
| 001 |
in00002473708 |
| 005 |
20210727074147.0 |
| 006 |
m d |
| 007 |
cr cn||||||||| |
| 008 |
080715s2007 au sb 001 0 eng d |
| 020 |
|
|
|a 3211775722
|
| 020 |
|
|
|a 9783211775721
|
| 035 |
|
|
|a (OCoLC)233973070
|
| 035 |
|
|
|a (OCoLC)ocn233973070
|
| 035 |
|
|
|a 3068191
|
| 037 |
|
|
|a 978-3-211-70937-5
|b Springer
|n http://www.springerlink.com
|
| 040 |
|
|
|a GW5XE
|c GW5XE
|d UtOrBLW
|
| 043 |
|
|
|a e------
|
| 049 |
|
|
|a TEFA
|
| 082 |
0 |
4 |
|a 346.24086
|2 22
|
| 245 |
0 |
0 |
|a European tort law 2006 /
|c Helmut Koziol, Barbara C. Steininger, editors.
|
| 264 |
|
1 |
|a Wien ;
|a London :
|b Springer,
|c 2007.
|
| 300 |
|
|
|a xiii, 576 pages ;
|c 25 cm.
|
| 336 |
|
|
|a text
|b txt
|2 rdacontent
|
| 337 |
|
|
|a computer
|b c
|2 rdamedia
|
| 338 |
|
|
|a online resource
|b cr
|2 rdacarrier
|
| 490 |
1 |
|
|a Tort and insurance law yearbook
|
| 500 |
|
|
|a Electronic resource.
|
| 504 |
|
|
|a Includes bibliographical references and index.
|
| 533 |
|
|
|a Electronic reproduction.
|b New York :
|c Springer,
|d 2008.
|n Mode of access: World Wide Web.
|n System requirements: Web browser.
|n Title from title screen (viewed on June 27, 2008).
|n Access may be restricted to users at subscribing institutions.
|
| 650 |
|
0 |
|a Insurance law
|z European Union countries.
|
| 650 |
|
0 |
|a Torts
|z European Union countries.
|
| 655 |
|
7 |
|a Electronic books.
|2 local
|
| 700 |
1 |
|
|a Koziol, Helmut.
|0 http://id.loc.gov/authorities/names/n81042467
|
| 700 |
1 |
|
|a Steininger, Barbara C.
|0 http://id.loc.gov/authorities/names/no2003050748
|
| 710 |
2 |
|
|a SpringerLink (Online service)
|0 http://id.loc.gov/authorities/names/no2005046756
|
| 776 |
1 |
|
|c Original
|z 9783211709375
|z 3211709371
|w (OCoLC)166357914
|
| 830 |
|
0 |
|a Tort and insurance law yearbook.
|0 http://id.loc.gov/authorities/names/no2003050753
|
| 856 |
4 |
0 |
|u http://proxy.library.tamu.edu/login?url=https://dx.doi.org/10.1007/978-3-211-77572-1
|z Connect to the full text of this electronic book
|t 0
|
| 994 |
|
|
|a C0
|b TEF
|
| 999 |
|
|
|a MARS
|
| 999 |
f |
f |
|s 32a161b7-da9e-3c5b-b51a-28722b6313dd
|i e119549d-14d9-39a0-b970-189b2f519cc2
|t 0
|
| 952 |
f |
f |
|a Texas A&M University
|b College Station
|c Electronic Resources
|d Available Online
|t 0
|h No information provided
|
| 998 |
f |
f |
|t 0
|l Available Online
|